| 000 | 00730nam a2200265Ia 4500 | ||
|---|---|---|---|
| 003 | OSt | ||
| 005 | 20220924114742.0 | ||
| 006 | a|||||r|||| 00| 0 | ||
| 007 | ta | ||
| 008 | 220923b |||||||| |||| 00| 0 ara d | ||
| 024 | _a343998 | ||
| 037 | _cTextual | ||
| 040 |
_aARTS _cARTS _bara |
||
| 041 |
_2ara _aara |
||
| 082 | _aR3xC57,1, 28K9 | ||
| 100 |
_aenged Muhammad Mazhar Au. _9175172 |
||
| 245 | 0 | _aJamhuria aflatoon | |
| 260 |
_aCairo _bDar-al-maaref Egypt _c1969 |
||
| 300 |
_a190p. _ccm. |
||
| 650 |
_a METAPHYSICS _913358 |
||
| 650 | _a PHILOSOPHY | ||
| 650 |
_aARABIC LANGUAGE _931794 |
||
| 942 |
_hR3xC57,1, 28K9 _cTEXL _2CC |
||
| 999 |
_c395110 _d395110 |
||